| 000 | 00639 a2200193 4500 | ||
|---|---|---|---|
| 010 | _aENG-86070 | ||
| 020 |
_a8187671505 _c250.00 |
||
| 035 | _aEN-69603 | ||
| 037 | _bDBAD / PUB | ||
| 082 | 1 | 4 | _a158.10835 |
| 100 | _aFriel, John C | ||
| 245 | 1 |
_aThe 7 best things (smart) teens do / _cby John C.Friel and Linda D.Friel |
|
| 260 |
_aChennai _bWestland Books _c2006 |
||
| 270 |
_aNew No. 571, P.H.Road, Aminjikarai _bChennai _cTamil Nadu _e600 029 |
||
| 300 |
_axviii, 284p. _c21 cm (pbk) |
||
| 500 | _aIncludes bibliographical references and index | ||
| 700 | _aFriel, Linda D | ||
| 942 |
_adpl _cEN _2ddc _h158.10835 _mFRI |
||
| 999 |
_c4086 _d4086 |
||